| 000 | 00683nam a22001817a 4500 | ||
|---|---|---|---|
| 003 | BDDh-ASL | ||
| 005 | 20231015031310.0 | ||
| 008 | 230403s1959 i ||||| |||| 00| 0 b d | ||
| 040 |
_aBDDh-ASL _cBDDh-ASL |
||
| 041 | _aben | ||
| 082 |
_a297.12 _bRAB |
||
| 100 | 1 |
_aরহমান, মীজানুর _92116 |
|
| 245 | 1 | 0 | _aবেহেশতী সওগাত বা কোরান শরীফের আমপারার বাংলা তরজমা ও তশরীহ / |
| 260 |
_aকলকাতা : _bকিতাব মহল, _c1959. |
||
| 300 |
_a111 p. : _c25 cm. |
||
| 650 | 0 |
_aইসলাম ধর্ম _vপ্রবন্ধ _9810 |
|
| 942 |
_2ddc _cBK |
||
| 999 |
_c31659 _d31659 |
||